[Event "Reykjavik op"]
[Site "Reykjavik"]
[Date "2024.03.18"]
[Round "6"]
[White "Beyerle, Gregor"]
[Black "Smits, Eduard"]
[Result "0-1"]
[WhiteElo "1610"]
[BlackElo "1918"]
[PlyCount "76"]
[EventDate "2024.03.15"]
[EventType "swiss"]
[EventRounds "9"]
[EventCountry "ISL"]
[SourceTitle "CB13_2024"]
[SourceDate "2024.03.27"]
[SourceVersion "1"]
[SourceVersionDate "2024.03.27"]
[SourceQuality "1"]

1. d4 d5 2. c4 dxc4 3. e3 Nf6 4. Bxc4 e6 5. Nf3 a6 6. Nc3 c5 7. d5 b5 8. Bb3 exd5 9. Bxd5 Ra7 10. e4 Be7 11. Bf4 Nbd7 12. Bc6 Qb6 13. Ne5 0-0 14. Nd5 Nxd5 15. exd5 Bf6 16. Ng4 Bxb2 17. Rb1 Bc3+ 18. Kf1 Nb8 19. Qf3 Nxc6 20. Qxc3 Bxg4 21. Qg3 Bf5 22. Bh6 Bg6 23. Rd1 Nd4 24. Bf4 Re8 25. Be5 b4 26. Bxd4 cxd4 27. Rc1 Rae7 28. f3 Qb5+ 29. Kg1 d3 30. h4 d2 31. Rd1 Qxd5 32. Kh2 Bc2 33. h5 Qxh5+ 34. Kg1 Re1+ 35. Qxe1 Rxe1+ 36. Kf2 Qxh1 37. Rxd2 Qg1+ 38. Kg3 h5 0-1

[Event "Reykjavik op"]
[Site "Reykjavik"]
[Date "2024.03.16"]
[Round "2"]
[White "Hauksson, Bjorgvin Jonas"]
[Black "Beyerle, Gregor"]
[Result "1-0"]
[WhiteElo "1836"]
[BlackElo "1610"]
[PlyCount "151"]
[EventDate "2024.03.15"]
[EventType "swiss"]
[EventRounds "9"]
[EventCountry "ISL"]
[SourceTitle "CB13_2024"]
[SourceDate "2024.03.27"]
[SourceVersion "1"]
[SourceVersionDate "2024.03.27"]
[SourceQuality "1"]

1. e4 c5 2. b3 Nc6 3. Bb2 e6 4. Bb5 a6 5. Bxc6 bxc6 6. c4 d5 7. Qc2 d4 8. e5 Qc7 9. Qe4 Ne7 10. f4 h5 11. Nf3 Nf5 12. 0-0 Bb7 13. Na3 Be7 14. Nc2 a5 15. a4 Rb8 16. Rab1 Ba6 17. Ba3 0-0 18. Rb2 Rb6 19. Qd3 Rfb8 20. Re1 Qd8 21. Qf1 Rxb3 22. Rxb3 Rxb3 23. d3 Ne3 24. Nxe3 dxe3 25. Bc1 Rxd3 26. Bxe3 Bxc4 27. Qf2 Qd5 28. Nd2 Ra3 29. Nb1 Ra2 30. Nc3 Bh4 31. g3 Rxf2 32. Nxd5 Re2 33. Rxe2 cxd5 34. Rb2 Be7 35. Rb7 Bf8 36. Ra7 d4 37. Bd2 Bb3 38. Rxa5 c4 39. Kf2 c3 40. Bc1 Bd1 41. Ra8 Bb3 42. Ke2 Bc4+ 43. Ke1 d3 44. a5 g6 45. a6 Kg7 46. a7 d2+ 47. Bxd2 cxd2+ 48. Kxd2 Bb4+ 49. Kd1 Bb3+ 50. Kc1 Ba3+ 51. Kb1 Bd5 52. Rd8 Be4+ 53. Ka1 Bc5 54. a8Q Bxa8 55. Rxa8 Bg1 56. Ra2 f6 57. Kb1 fxe5 58. fxe5 g5 59. h3 Kg6 60. g4 Be3 61. Kc2 h4 62. Kd3 Bg1 63. Kc4 Kf7 64. Ra5 Ke7 65. Rb5 Kd7 66. Rb7+ Kc6 67. Re7 Be3 68. Rxe6+ Kd7 69. Kd5 Bf4 70. Rg6 Ke7 71. e6 Bc1 72. Rg7+ Ke8 73. Rb7 Ba3 74. Ke5 Be7 75. Rb8+ Bd8 76. Kd6 1-0